[Event "New York 1000 GM Fall IM-C"]
[Site "New York"]
[Date "2023.11.09"]
[Round "3"]
[White "Tanenbaum, Zachary Chen"]
[Black "Paragua, Mark"]
[Result "0-1"]
[WhiteElo "2289"]
[BlackElo "2436"]
[PlyCount "76"]
[EventDate "2023.11.08"]
[EventType "tourn"]
[EventRounds "9"]
[EventCountry "USA"]
[SourceTitle "CB46_2023"]
[SourceDate "2023.11.15"]
[SourceVersion "1"]
[SourceVersionDate "2023.11.15"]
[SourceQuality "1"]

1. e4 c5 2. c3 d5 3. exd5 Qxd5 4. d4 Nf6 5. Nf3 Bg4 6. dxc5 Qxd1+ 7. Kxd1 Nc6 8. Be3 0-0-0+ 9. Kc1 Nd5 10. Bc4 e6 11. b4 Be7 12. a3 Bf6 13. Bg5 Bxg5+ 14. Nxg5 Ne5 15. Nd2 Nf4 16. Nge4 Bf5 17. Nd6+ Rxd6 18. cxd6 Nfd3+ 19. Bxd3 Nxd3+ 20. Kd1 Nxf2+ 21. Ke2 Nxh1 22. c4 Kd7 23. c5 f6 24. Rxh1 Rc8 25. Rc1 e5 26. Nc4 Be6 27. Kd3 h5 28. g3 Bf5+ 29. Ke3 Be6 30. Kd3 Bf5+ 31. Ke3 Be6 32. Nd2 b6 33. Ne4 bxc5 34. bxc5 Kc6 35. Rb1 Bd7 36. Rc1 Rb8 37. Rc3 Rb1 38. Nd2 Rb5 0-1

[Event "Titled Tuesday intern op 24th Oct Late"]
[Site "Chess.com INT"]
[Date "2023.10.24"]
[Round "11"]
[White "Garakov, Mikhael"]
[Black "Tanenbaum, Zachary Chen"]
[Result "1/2-1/2"]
[WhiteElo "2447"]
[BlackElo "2298"]
[PlyCount "116"]
[EventDate "2023.10.24"]
[EventType "swiss (blitz)"]
[EventRounds "11"]
[EventCountry "USA"]
[SourceTitle "Mega2024 Update 01"]
[Source "Chessbase"]
[SourceDate "2023.11.12"]
[SourceVersion "1"]
[SourceVersionDate "2023.11.12"]
[SourceQuality "1"]

1. e4 e5 2. Nf3 Nc6 3. Bb5 a6 4. Bxc6 dxc6 5. d4 exd4 6. Qxd4 Qxd4 7. Nxd4 Bd7 8. Nc3 0-0-0 9. Bf4 Ne7 10. 0-0-0 Ng6 11. Bg3 h5 12. h3 h4 13. Bh2 Bc5 14. Nce2 Rh5 15. f4 Re8 16. Nc3 Bb4 17. Rhe1 c5 18. Nf3 Bc6 19. f5 Nf8 20. Ne5 Bxc3 21. bxc3 Rg5 22. Rd2 Nd7 23. Nxc6 bxc6 24. Bf4 Rxf5 25. exf5 Rxe1+ 26. Kb2 Nb6 27. Rf2 Kb7 28. Bg5 a5 29. Bxh4 a4 30. Rf4 Rg1 31. g4 Ka6 32. Bf2 Rf1 33. Be3 Rh1 34. Bxc5 Rxh3 35. Bxb6 cxb6 36. Rxa4+ Kb5 37. Re4 Rg3 38. a4+ Ka5 39. Kb3 b5 40. axb5 Kxb5 41. Re7 Rxg4 42. Rxf7 Kc5 43. c4 Rg3+ 44. c3 Kd6 45. f6 g5 46. Rg7 Ke6 47. f7 Ke7 48. Kb4 Kf8 49. Rg6 Kxf7 50. Rxc6 g4 51. Rc7+ Kf6 52. c5 Rg1 53. Rc8 Kf7 54. c6 g3 55. Rc7+ Kf6 56. Rc8 Kf7 57. Rc7+ Kf6 58. Rc8 Kf7 1/2-1/2

[Event "Titled Tuesday intern op 19th Sep Late"]
[Site "Chess.com INT"]
[Date "2023.09.19"]
[Round "4"]
[White "Hansen, Eric"]
[Black "Tanenbaum, Zachary Chen"]
[Result "1-0"]
[WhiteElo "2609"]
[BlackElo "2285"]
[PlyCount "89"]
[EventDate "2023.09.19"]
[EventType "swiss (blitz)"]
[EventRounds "11"]
[EventCountry "USA"]
[SourceTitle "EXT 2024"]
[Source "ChessBase"]
[SourceDate "2023.10.10"]
[SourceVersion "1"]
[SourceVersionDate "2023.10.10"]
[SourceQuality "1"]

1. e4 e5 2. Nf3 Nc6 3. Bb5 a6 4. Ba4 d6 5. c3 Nf6 6. d4 b5 7. Bc2 Be7 8. 0-0 0-0 9. h3 Bb7 10. Re1 exd4 11. cxd4 Nb4 12. Nc3 Nxc2 13. Qxc2 c5 14. d5 Re8 15. Bf4 Rc8 16. Rad1 Qc7 17. a3 Nd7 18. Ne2 Bf6 19. Ng3 g6 20. Nh2 Bg7 21. Ng4 Ne5 22. Nxe5 dxe5 23. Be3 Qd6 24. f3 c4 25. Ne2 a5 26. Rb1 b4 27. axb4 axb4 28. Ra1 Rc7 29. Ra5 Rec8 30. Rea1 Bf8 31. Kh1 Qd7 32. Bb6 Bd6 33. Ra7 Qe7 34. Bxc7 Rxc7 35. R7a5 Qh4 36. Qd1 Bc8 37. Qe1 Qh5 38. Kh2 f5 39. Ra7 Rc5 40. Qxb4 fxe4 41. Ng3 Qh4 42. Nxe4 Rxd5 43. Qxc4 Be6 44. Qc6 Rd4 45. Qe8+ 1-0

[Event "Titled Tuesday intern op 19th Sep Late"]
[Site "Chess.com INT"]
[Date "2023.09.19"]
[Round "1"]
[White "Prithu, Gupta"]
[Black "Tanenbaum, Zachary Chen"]
[Result "0-1"]
[WhiteElo "2444"]
[BlackElo "2285"]
[PlyCount "76"]
[EventDate "2023.09.19"]
[EventType "swiss (blitz)"]
[EventRounds "11"]
[EventCountry "USA"]
[SourceTitle "EXT 2024"]
[Source "ChessBase"]
[SourceDate "2023.10.10"]
[SourceVersion "1"]
[SourceVersionDate "2023.10.10"]
[SourceQuality "1"]

1. c4 e5 2. Nc3 Nf6 3. Nf3 Nc6 4. e4 Bb4 5. d3 d6 6. a3 Bc5 7. b4 Bb6 8. Be2 0-0 9. 0-0 a5 10. b5 Nd4 11. Be3 Nxf3+ 12. Bxf3 Bxe3 13. fxe3 h6 14. Qd2 Be6 15. Rf2 Bg4 16. Raf1 c6 17. Qd1 Qd7 18. a4 Bxf3 19. Rxf3 Nh7 20. h4 Qg4 21. Rxf7 Qxh4 22. Rxb7 Rxf1+ 23. Qxf1 Rf8 24. Qe2 Ng5 25. bxc6 Qg3 26. c7 Nh3+ 27. Kh1 Nf2+ 28. Kg1 Ng4 29. Qxg4 Qxg4 30. Rb8 Rc8 31. Nd5 Kf7 32. Rxc8 Qxc8 33. Kf2 Qb7 34. Kg3 Ke6 35. Kg4 g6 36. d4 Kd7 37. dxe5 dxe5 38. Kf3 Qb1 0-1

[Event "AI Cup Play In"]
[Site "Chess.com INT"]
[Date "2023.09.18"]
[Round "4"]
[White "Muradli, Mahammad"]
[Black "Tanenbaum, Zachary Chen"]
[Result "0-1"]
[WhiteElo "2550"]
[BlackElo "2285"]
[PlyCount "66"]
[EventDate "2023.09.18"]
[EventType "swiss (rapid)"]
[EventRounds "9"]
[EventCountry "USA"]
[SourceTitle "EXT 2024"]
[Source "ChessBase"]
[SourceDate "2023.10.10"]
[SourceVersion "1"]
[SourceVersionDate "2023.10.10"]
[SourceQuality "1"]

1. Nf3 d5 2. c4 d4 3. b4 c5 4. g3 cxb4 5. a3 Nc6 6. axb4 Nxb4 7. Bg2 Nc6 8. 0-0 e5 9. d3 Nf6 10. Qa4 Bd6 11. Na3 0-0 12. Nb5 Bb8 13. Bg5 h6 14. Bxf6 Qxf6 15. Nd2 Qe7 16. Rfb1 Bd7 17. Ne4 f5 18. Nd2 Rc8 19. Na3 b6 20. Qa6 Bd6 21. Nb5 Bc5 22. Nb3 Nb4 23. Qb7 Rcb8 24. Qc7 Rc8 25. Rxa7 Rxc7 26. Rxc7 Ra2 27. Rb7 Rxe2 28. Ra1 f4 29. Bf3 Rb2 30. Ra8+ Kf7 31. Raa7 Bh3 32. Rxe7+ Bxe7 33. Nd6+ Ke6 0-1

[Event "AI Cup Play In"]
[Site "Chess.com INT"]
[Date "2023.09.18"]
[Round "5"]
[White "Tanenbaum, Zachary Chen"]
[Black "Meskovs, Nikita"]
[Result "0-1"]
[WhiteElo "2285"]
[BlackElo "2540"]
[PlyCount "86"]
[EventDate "2023.09.18"]
[EventType "swiss (rapid)"]
[EventRounds "9"]
[EventCountry "USA"]
[SourceTitle "EXT 2024"]
[Source "ChessBase"]
[SourceDate "2023.10.10"]
[SourceVersion "1"]
[SourceVersionDate "2023.10.10"]
[SourceQuality "1"]

1. e4 c5 2. c3 Nf6 3. e5 Nd5 4. Nf3 e6 5. d4 cxd4 6. cxd4 d6 7. Bc4 Nb6 8. Bd3 Bd7 9. 0-0 Bc6 10. Nc3 N8d7 11. Ng5 dxe5 12. Nxe6 fxe6 13. Qh5+ g6 14. Bxg6+ hxg6 15. Qxg6+ Ke7 16. Bg5+ Kd6 17. Bxd8 Rxd8 18. Rfd1 Kc7 19. Rac1 Bh6 20. d5 Nxd5 21. Qxe6 Bxc1 22. Nxd5+ Bxd5 23. Qxd5 Bxb2 24. Rb1 Nb6 25. Qb3 Bd4 26. a4 a5 27. Qf7+ Kb8 28. Qb3 Rhf8 29. Rf1 Rc8 30. g3 Rc3 31. Qe6 Ka7 32. Rb1 Rxf2 33. Kh1 Rcc2 34. Qh6 e4 35. Qh7 e3 36. Qh5 Bc5 37. Qh7 e2 38. Re1 Rd2 39. Qe4 Rf1+ 40. Kg2 Rxe1 41. h4 Rg1+ 42. Kh3 e1Q 43. Qf3 Rdg2 0-1